Leone de' Sommi (cca 1565) (1527 - 1592)

Bibliographic Details
Main Author: [VG] (Author)
Format: Article
Language:Slovak
PhysicalDescription:Lit. v pozn.
Subjects:

MARC

LEADER 00000nab a2200000 a 4500
001 vtls000603003
003 SK-MaSNL
005 20260304084132.0
008 250425c1994 xo 0 slo
015 |a SNBRB19rr/mm-uuuuu 
035 |a CL0603142 
035 |a (urnnbn)urn:nbn:sk:snk:ar-0025m6 
035 |a (uuid)535aca39-d003-4ee9-acd7-2db1fe1f3460 
035 |a urn:nbn:sk:snk-ab7qyd 
040 |a SNKBUCL  |b slo  |c SNKBUCL  |e AACR2 
041 0 |a slo 
044 |a xo  |c SK 
080 |a 792.072:792.01  |2 1981 
080 |a 792.01  |2 1981 
080 |a 82:929:850  |2 1981 
080 |a 929 de' Sommi de Portaleone, Leone  |2 1981 
100 1 |a [VG]  |4 aut  |9 1376138 
245 1 0 |a Leone de' Sommi (cca 1565)  |b (1527 - 1592)  |c [VG] 
300 |b Lit. v pozn. 
500 |a Súčasťou článku je profil L. de' Sommiho 
600 1 7 |a de' Sommi de Portaleone, Leone  |d 1527-1592  |x tvorba teatrologická  |y r. 1565  |x rukopisy  |2 snkbucl  |9 1376139 
655 7 |a články z novín a časopisov  |2 snkbucl  |9 267496 
773 0 |t Slovenská hudba  |g Roč. 20, č. 3-4 (1994), s. 402-410 
850 |a Slovenská národná knižnica 
852 |a Slovenská národná knižnica 
954 |a odborná, vedecká literatúra pôvodná (slovenská)  |2 lita 
958 |a article9 
958 |a OND 
958 |a NX 
958 |a IT 
958 |a RK 
958 |a EUIPO 
992 |a RBX 
999 |c 2802133  |d 2804063